| 000 | 00509nam a2200169 i 4500 | ||
|---|---|---|---|
| 001 | 71822 | ||
| 003 | ES-MaACL | ||
| 005 | 20230906171235.0 | ||
| 007 | t| | ||
| 008 | 040819s1959 sp ||||1| spa d | ||
| 100 | 1 |
_aGibbs, Phillip. _956634 |
|
| 245 | 1 | 3 |
_aLa calle de la aventura / _cPhillip Gibbs ; versión de J. Méndez Herrera. |
| 260 |
_a[Barcelona : _bCisne, _c1959] ( _fP. Hermanos) |
||
| 300 |
_a287 p. ; _c18 cm. |
||
| 700 | 1 |
_aMéndez Herrera, José. _980156 |
|
| 852 |
_aES-MaACL _jC-17076 _bR.44916 |
||
| 999 |
_c71822 _d71822 |
||